000 00950nam a2200253 i 4500
001 110806
003 ES-MaACL
005 20250914145932.0
007 t|
008 070126s1926 sp ||||1| spa d
080 _a347.251
100 1 _aJhering, Rudolf von.
_9128302
245 1 3 _aLa posesión /
_cRodolfo von Ihering ; versión española de Adolfo Posada.
250 _a2ª ed.
260 _aMadrid :
_bHijos de Reus,
_c1926.
300 _a646 p. ;
_c23 cm.
490 1 _aBiblioteca jurídica de autores españoles y extranjeros ;
_v96
505 8 _aContenido: I. El fundamento de la protección posesoria. II. La voluntad en la posesión con la crítica del método jurídico reinante.
650 1 4 _aPosesión (Derecho)
_916323
700 1 _aPosada, Adolfo,
_d1860-1944
_993316
830 0 _aBiblioteca jurídica de autores españoles y extranjeros ;
_v96
_9182228
852 _aES-MaACL
_jE-3090
999 _c110806
_d110806